=LDR 00000nam 2200000 4500 =001 INLIS000000000020864 =005 20130612115757 =008 ***********************************Ind** =035 ##$$0010-061300000020864 =041 ##$$a Ind =082 ##$$a 510 =090 ##$$a 510, Sem o =100 ##$$a Sembiring, Suwah =245 ##$$a Olimpiade matematika untuk SMA , Suwah Sembiribg =260 ##$$a 2006 $b Bandung =300 ##$$a 191 hlm, illus, 30 cm =650 ##$$a Matematika =850 ##$$a NBPNMAT =990 ##$$a 93699/BPAP-NTB/2014 =990 ##$$a 0001/BPAP-NTB/2016